000 01305nam a2200409 a 4500
001 51768
005 20230410120809.0
008 050201s2002 bl b 000 0 por d
010 _a 2005344125
035 _a(OCoLC)ocm50413822
040 _aGZM
_cGZM
_dDLC
019 _a50184586
020 _z8586435676 (pbk.)
035 _a(OCoLC)50413822
_z(OCoLC)50184586
042 _alccopycat
043 _an-us---
_as-bl---
050 1 4 _aHV6432
_bL6382002
082 4 _a363.320973
100 1 _aLessa, Carlos.
245 1 0 _aDepois do atentado :
_bnotâicias da guerra assimétrica /
_cCarlos Lessa, Darc Costa, Fabio Sá Earp.
246 1 _iOther title information from cover:
_aCrise internacional e o Brasil
260 _aRio de Janeiro, Brasil :
_bGaramond,
_cc2002.
300 _a161 p. ;
_c21 cm.
504 _aIncludes bibliographical references.
650 0 _aWar on Terrorism, 2001-
650 0 _aSeptember 11 Terrorist Attacks, 2001.
650 0 _aIslamic fundamentalism.
650 0 _aWorld politics
_y1995-2005.
650 0 _aIslam and world politics.
650 0 _aGeopolitics
_zBrazil.
651 0 _aUnited States
_xForeign relations
_y1989-
700 1 _aCosta, Darc.
700 1 _aEarp, Fabio Sá.
942 _2lcc
_cbk
994 _aC0
_bDRFGD
946 _acsexposito
999 _c52066
_d52066